Statistics for Oscar for Best Picture

Click here to take the quiz!

General Stats

  • This quiz has been taken 46 times
  • The average score is 45 of 89

Answer Stats

HintAnswer% Correct
1997James CameronTitanic
92%
1972Francis Ford CoppolaThe Godfather
84%
1974Francis Ford CoppolaThe Godfather Part II
84%
2003Peter JacksonThe Lord of the Rings: The Return of the King
84%
2012Ben AffleckArgo
82%
1995Mel GibsonBraveheart
82%
1990Kevin CostnerDances with Wolves
79%
2000Ridley ScottGladiator
79%
2004Clint EastwoodMillion Dollar Baby
79%
2016Barry JenkinsMoonlight
76%
1993Steven SpielbergSchindler's List
76%
2008Danny BoyleSlumdog Millionaire
76%
1991Jonathan DemmeThe Silence of the Lambs
76%
2009Kathryn BigelowThe Hurt Locker
74%
2006Martin ScorseseThe Departed
71%
1992Clint EastwoodUnforgiven
71%
2013Steve McQueen12 Years a Slave
68%
1999Sam MendesAmerican Beauty
68%
1994Robert ZemeckisForrest Gump
68%
1939Victor FlemingGone With the Wind
68%
1986Oliver StonePlatoon
68%
2001Ron HowardA Beautiful Mind
66%
1977Woody AllenAnnie Hall
66%
1962David LeanLawrence of Arabia
63%
1954Elia KazanOn the Waterfront
63%
2002Rob MarshallChicago
61%
2010Tom HooperThe King's Speech
61%
1959Timur BekmambetovBen-Hur
58%
1982Richard AttenboroughGandhi
58%
2007Ethan & Joel CoenNo Country for Old Men
58%
1985Sydney PollackOut of Africa
58%
2015Tom McCarthySpotlight
58%
2005Paul HaggisCrash
55%
2011Michel HazanaviciusThe Artist
55%
1984Milos FormanAmadeus
53%
2014Alejandro Gonzalez InarrituBirdman
53%
1943Michael CurtizCasablanca
53%
1980Robert RedfordOrdinary People
53%
1996Anthony MinghellaThe English Patient
53%
1965Robert WiseThe Sound of Music
53%
1979Robert BentonKramer vs. Kramer
50%
1964George CukorMy Fair Lady
50%
1988Barry LevinsonRain Man
50%
1960Billy WilderThe Apartment
50%
1961Robert Wise and Jerome RobbinsWest Side Story
50%
1958Vincente MinnelliGigi
47%
1948Laurence OlivierHamlet
47%
1998John MaddenShakespeare in Love
47%
1957David LeanThe Bridge on the River Kwai
47%
1987Bernardo BertolucciThe Last Emperor
47%
1969John SchlesingerMidnight Cowboy
45%
1976John G. AvildsenRocky
45%
1978Michael CiminoThe Deer Hunter
45%
1927 / 1928William A. Wellman and Harry d'Abbadie d'ArrastWings
45%
1967Norman JewisonIn the Heat of the Night
42%
1975Milos FormanOne Flew Over the Cuckoo's Nest
42%
1970Franklin J. SchaffnerPatton
42%
1973George Roy HillThe Sting
42%
1981Hugh HudsonChariots of Fire
39%
1934Frank CapraIt Happened One Night
39%
1968Carol ReedOliver!
39%
1940Alfred HitchcockRebecca
39%
1971William FriedkinThe French Connection
39%
1951Vincente MinnelliAn American in Paris
37%
1944Leo McCareyGoing My Way
37%
1955Delbert MannMarty
37%
1950Joseph L. MankiewiczAll About Eve
34%
1930 / 1931Anthony MannCimarron
34%
1946William WylerThe Best Years of Our Lives
34%
1963Tony RichardsonTom Jones
34%
1929 / 1930Lewis MilestoneAll Quiet On the Western Front
32%
1966Fred ZinnemannA Man for All Seasons
32%
1932 / 1933Frank LloydCavalcade
32%
1941John FordHow Green Was My Valley
32%
1942William WylerMrs. Miniver
32%
1983James L. BrooksTerms of Endearment
32%
1952Cecil B. DeMilleThe Greatest Show on Earth
32%
1989Bruce BeresfordDriving Miss Daisy
29%
1931 / 1932Edmund GouldingGrand Hotel
29%
1953Fred ZinnemannFrom Here to Eternity
26%
1945Billy WilderThe Lost Weekend
26%
1956Michael AndersonAround the World in 80 Days
24%
1947Elia KazanGentleman's Agreement
21%
1935Frank LloydMutiny on the Bounty
21%
1928 / 1929Harry BeaumontThe Broadway Melody
21%
1937William DieterleThe Life of Emile Zola
21%
1938Frank CapraYou Can't Take It With You
21%
1949Steven ZaillianAll the King's Men
18%
1936Robert Z. LeonardThe Great Ziegfeld
18%

Score Distribution

Percentile by Number Answered

Percent of People with Each Score

Your Score History

You have not taken this quiz